Nature watch / (Record no. 533136)
[ view plain ]
| 000 -LEADER | |
|---|---|
| fixed length control field | 00886cam a2200253 a 4500 |
| 001 - CONTROL NUMBER | |
| control field | 4374981 |
| 003 - CONTROL NUMBER IDENTIFIER | |
| control field | NUST |
| 038 ## - RECORD CONTENT LICENSOR | |
| Staff Name | M.Ramzan |
| 040 ## - CATALOGING SOURCE | |
| Original cataloging agency | NcD |
| Transcribing agency | DLC |
| Modifying agency | DLC |
| 042 ## - AUTHENTICATION CODE | |
| Authentication code | lccopycat |
| 043 ## - GEOGRAPHIC AREA CODE | |
| Geographic area code | a-ii--- |
| 050 00 - LIBRARY OF CONGRESS CALL NUMBER | |
| Classification number | QH183 |
| Item number | .K48 1990 |
| 082 00 - DEWEY DECIMAL CLASSIFICATION NUMBER | |
| Classification number | 508.5456 |
| Edition number | 20 |
| Author Mark | SIN |
| 100 0# - MAIN ENTRY--PERSONAL NAME | |
| Personal name | Khushwant Singh, |
| Dates associated with a name | 1915-2014. |
| 9 (RLIN) | 12976 |
| 245 10 - TITLE STATEMENT | |
| Title | Nature watch / |
| Statement of responsibility, etc. | text by Khushwant Singh ; illustrations by Suddhasattwa Basu. |
| 260 ## - PUBLICATION, DISTRIBUTION, ETC. | |
| Place of publication, distribution, etc. | New Delhi : |
| Name of publisher, distributor, etc. | The India today Group, |
| Date of publication, distribution, etc. | 2003.. |
| 300 ## - PHYSICAL DESCRIPTION | |
| Extent | 132 p. : |
| Other physical details | ill. (some col.) ; |
| Dimensions | 27 cm. |
| 650 #0 - SUBJECT ADDED ENTRY--TOPICAL TERM | |
| Topical term or geographic name entry element | Natural history |
| Geographic subdivision | India |
| -- | Delhi Region. |
| 9 (RLIN) | 26858 |
| 650 #0 - SUBJECT ADDED ENTRY--TOPICAL TERM | |
| Topical term or geographic name entry element | Natural history |
| Geographic subdivision | India |
| -- | Delhi Region |
| Form subdivision | Pictorial works. |
| 9 (RLIN) | 26859 |
| 700 1# - ADDED ENTRY--PERSONAL NAME | |
| Personal name | Basu, Suddhasattwa. |
| 9 (RLIN) | 26860 |
| 906 ## - LOCAL DATA ELEMENT F, LDF (RLIN) | |
| a | 7 |
| b | cbc |
| c | copycat |
| d | 3 |
| e | ncip |
| f | 19 |
| g | y-gencatlg |
| 942 ## - ADDED ENTRY ELEMENTS (KOHA) | |
| Source of classification or shelving scheme | |
| Koha item type | Book |
| Withdrawn status | Lost status | Source of classification or shelving scheme | Damaged status | Not for loan | Permanent Location | Current Location | Date acquired | Total Checkouts | Full call number | Barcode | Date last seen | Price effective from | Koha item type |
|---|---|---|---|---|---|---|---|---|---|---|---|---|---|
| School of Civil and Environmental Engineering (SCEE) | School of Civil and Environmental Engineering (SCEE) | 12/12/2019 | 508.5456 SIN | NIT-8815 | 12/12/2019 | 12/12/2019 | Book |
